00295nam a2200109 a 4500008004100000050001500041100001900056245002900075246006300104260000900167350000900176120416s1958 xx |||||||||||||| || u aTT 185 Luk aLuker, Edwin W10aSchool craftwork in wood aa textbook for craft teachers, students and woodworkers... c1958 a0.00